[Event "Orsha Blitz 2019"]
[Site "Orsha"]
[Date "2019.01.19"]
[Round "6.5"]
[White "Badelka, Olga"]
[Black "Grishchenko, Sergey"]
[Result "1/2-1/2"]
[WhiteElo "2219"]
[BlackElo "2467"]
[PlyCount "183"]
[EventDate "2019.01.19"]
[EventType "swiss (blitz)"]
[EventRounds "10"]
[EventCountry "BLR"]

1. d4 d5 2. c4 e6 3. Nc3 c5 4. cxd5 cxd4 5. Qxd4 Nc6 6. Qd1 exd5 7. Qxd5 Bd7 8.
Qd1 Nf6 9. e4 Bc5 10. Bg5 Qb6 11. Qd2 O-O-O 12. Bxf6 Be6 13. Bxd8 Rxd8 14. Bd3
Ne5 15. Na4 Bxf2+ 16. Kf1 Qd4 17. Nh3 Bxh3 18. gxh3 Nxd3 19. Qc3+ Qxc3 20. Nxc3
Bh4 21. Rd1 Nxb2 22. Rxd8+ Kxd8 23. Ke2 Nc4 24. Nd5 Nd6 25. Kd3 Kd7 26. Rg1 g6
27. Rf1 Ke6 28. Nc7+ Kd7 29. Nd5 Ke6 30. Nc7+ Ke5 31. a4 f6 32. Nb5 Nxe4 33.
Nxa7 Nc5+ 34. Kc4 Nxa4 35. Kb5 Nc3+ 36. Kc4 Ne4 37. Kd3 f5 38. Nb5 Bf6 39. Nc3
Nxc3 40. Kxc3 Kd5+ 41. Kd3 b5 42. Rb1 Kc5 43. Rc1+ Kd5 44. Rb1 Kc5 45. Rc1+ Kd6
46. Rb1 Kc6 47. Rc1+ Kd5 48. Rb1 Kc5 49. Rc1+ Kb6 50. Re1 Bd8 51. Re8 Bc7 52.
Re7 b4 53. Kc4 Bxh2 54. Rxh7 g5 55. Rg7 Bf4 56. Kxb4 Kc6 57. Kc4 Kd6 58. Rg6+
Ke5 59. Kd3 Bc1 60. Ke2 Kf4 61. Rg8 Kg3 62. Rh8 f4 63. Kf1 f3 64. Rh5 Bf4 65.
Rh7 Be3 66. Rh5 Kf4 67. Rh8 Bd4 68. Rh7 Be5 69. Rh6 Bd4 70. Rh7 Be5 71. Rh6 Kg3
72. Rh5 Bf4 73. Rh7 Be3 74. Rh8 Kf4 75. Rf8+ Kg3 76. Rh8 Bd4 77. Rh7 Kf4 78.
Rf7+ Ke3 79. Rf5 f2 80. Rxg5 Kf3 81. Rg6 Kf4 82. Rg4+ Ke5 83. h4 Be3 84. h5 Kf5
85. Rg8 Kf6 86. Ke2 Kf7 87. Rg4 Kf6 88. Rg6+ Kf7 89. Rg4 Kf6 90. Kxe3 f1=Q 91.
Rf4+ Qxf4+ 92. Kxf4 1/2-1/2

[Event "Orsha Blitz 2019"]
[Site "Orsha"]
[Date "2019.01.19"]
[Round "6.6"]
[White "Siniauski, Artsiom"]
[Black "Teterev, Vitaly"]
[Result "1-0"]
[WhiteElo "1932"]
[BlackElo "2407"]
[PlyCount "109"]
[EventDate "2019.01.19"]
[EventType "swiss (blitz)"]
[EventRounds "10"]
[EventCountry "BLR"]

1. e4 c5 2. Nf3 d6 3. Bb5+ Nd7 4. d4 cxd4 5. Qxd4 Ngf6 6. Bg5 e5 7. Qd3 a6 8.
Bxd7+ Bxd7 9. O-O h6 10. Bxf6 Qxf6 11. c4 Qd8 12. Nc3 Rc8 13. Rfd1 Be6 14. b3
Be7 15. Nd5 Rc6 16. a4 O-O 17. Nd2 Bg5 18. Nf1 f5 19. exf5 Bxf5 20. Qe2 a5 21.
Ng3 Bg6 22. Ne4 Bh4 23. g3 Be7 24. Nxe7+ Qxe7 25. Rd5 Qe6 26. Rad1 Qf5 27. Nxd6
Qc2 28. Qxc2 Bxc2 29. R1d2 Bxb3 30. Rxa5 Rd8 31. Ne4 Rd4 32. Rxe5 Rdxc4 33. a5
Rc1+ 34. Kg2 Rc7 35. h4 Kh7 36. h5 Bf7 37. Rd8 R1c6 38. Nd6 g5 39. hxg6+ Bxg6
40. Ne8 Rf7 41. Nd6 Rfc7 42. Ne8 Rf7 43. Nd6 Rg7 44. Nf5 Rgc7 45. Re7+ Rxe7 46.
Nxe7 Ra6 47. Rd7 Be4+ 48. f3 Bb1 49. Rxb7 Kg7 50. Rxb1 Kf6 51. Nd5+ Ke5 52. Rb5
Kd4 53. Nc7 Rc6 54. Ne6+ Kc4 55. Rc5+ 1-0

[Event "Orsha Blitz 2019"]
[Site "Orsha"]
[Date "2019.01.19"]
[Round "6.7"]
[White "Meshkov, Yuri A"]
[Black "Semenov, Rinat"]
[Result "1-0"]
[WhiteElo "2387"]
[BlackElo "2158"]
[PlyCount "113"]
[EventDate "2019.01.19"]
[EventType "swiss (blitz)"]
[EventRounds "10"]
[EventCountry "BLR"]

1. e4 e6 2. d4 d5 3. Nc3 Bb4 4. exd5 exd5 5. Bd3 Ne7 6. Qh5 Be6 7. Nge2 Nd7 8.
Nf4 Nf8 9. O-O Qd7 10. Re1 O-O-O 11. Nxe6 fxe6 12. Bg5 h6 13. Qh3 Rg8 14. Bxe7
Bxe7 15. Re2 Bf6 16. Qg4 Qd6 17. Nb5 Qb6 18. c3 a6 19. Na3 Kb8 20. Rae1 c5 21.
dxc5 Qxc5 22. Nc2 e5 23. Ne3 Nd7 24. Bf5 Nb6 25. Be6 Rge8 26. Bf7 Rf8 27. Bg6
d4 28. cxd4 exd4 29. Nf1 Ka8 30. Bd3 Nd5 31. a3 Qd6 32. g3 Qc7 33. Nd2 Qd7 34.
Qxd7 Rxd7 35. Nc4 Kb8 36. Be4 b5 37. Na5 Rc8 38. Bf5 Rdc7 39. Bxc8 Rxc8 40. Rd1
Ka7 41. Nb3 Rc4 42. Red2 Nb6 43. Nxd4 Nc8 44. Ne2 Nb6 45. Nf4 Rc6 46. b3 Rc3
47. Rd3 Rc2 48. Nd5 Nxd5 49. Rxd5 Ra2 50. Rd7+ Kb6 51. b4 Rc2 52. R1d6+ Rc6 53.
Rxc6+ Kxc6 54. Rd3 Bb2 55. f4 Kc7 56. Kf2 Kc6 57. Kf3 1-0

[Event "Orsha Blitz 2019"]
[Site "Orsha"]
[Date "2019.01.19"]
[Round "6.8"]
[White "Mukhin, Vladislav"]
[Black "Yashmetov, Mikhail"]
[Result "0-1"]
[WhiteElo "1926"]
[BlackElo "2375"]
[PlyCount "92"]
[EventDate "2019.01.19"]
[EventType "swiss (blitz)"]
[EventRounds "10"]
[EventCountry "BLR"]

1. e4 g6 2. Nf3 Bg7 3. d4 d6 4. c4 a6 5. Nc3 Nf6 6. Be2 O-O 7. O-O c5 8. Be3 b5
9. cxb5 axb5 10. Bxb5 Bb7 11. d5 Ba6 12. Qd3 Bxb5 13. Qxb5 Nbd7 14. Rfe1 Qc7
15. Qe2 Ng4 16. Bf4 Rfb8 17. h3 Nge5 18. Nxe5 Nxe5 19. Be3 Qb7 20. Rab1 Nd7 21.
f4 Bxc3 22. bxc3 Qxb1 23. Rxb1 Rxb1+ 24. Kh2 Ra1 25. Qb5 Nf6 26. e5 dxe5 27.
fxe5 Nxd5 28. Qc6 Rd8 29. Qxc5 Nxe3 30. Qxe3 Rxa2 31. e6 f6 32. Qc5 Kf8 33. c4
Rdd2 34. Qc8+ Kg7 35. Qc7 Rxg2+ 36. Kh1 Rge2 37. Qxe7+ Kh6 38. Qf8+ Kh5 39.
Qc5+ g5 40. Qg1 Kg6 41. Qb1+ Kg7 42. c5 Rh2+ 43. Kg1 Rag2+ 44. Kf1 Rh1+ 45.
Kxg2 Rxb1 46. c6 Rc1 0-1

[Event "Orsha Blitz 2019"]
[Site "Orsha"]
[Date "2019.01.19"]
[Round "6.9"]
[White "Novitzkij, Dmitrij"]
[Black "Strybuk, Artsiom I"]
[Result "1/2-1/2"]
[WhiteElo "2256"]
[BlackElo "1994"]
[PlyCount "65"]
[EventDate "2019.01.19"]
[EventType "swiss (blitz)"]
[EventRounds "10"]
[EventCountry "BLR"]

1. e4 e5 2. Nc3 Bc5 3. g3 d6 4. Bg2 Nc6 5. Nge2 a6 6. Nd5 Nge7 7. c3 Nxd5 8.
exd5 Ne7 9. d4 exd4 10. Nxd4 O-O 11. O-O Nf5 12. Nb3 Bb6 13. Re1 Bd7 14. Qf3
Qf6 15. Bd2 Rae8 16. h3 Qg6 17. Bf4 h5 18. Kh2 Nh6 19. Bf1 Bf5 20. Bxh6 gxh6
21. Nd4 Bxd4 22. cxd4 Be4 23. Qf4 Bxd5 24. Rac1 c6 25. a3 Kg7 26. Re3 Qf6 27.
Qxf6+ Kxf6 28. Rce1 Re6 29. Rxe6+ fxe6 30. f4 b5 31. Be2 h4 32. g4 c5 33. dxc5
1/2-1/2

[Event "Orsha Blitz 2019"]
[Site "Orsha"]
[Date "2019.01.19"]
[Round "6.10"]
[White "Silich, Yahor"]
[Black "Tsaruk, Maksim"]
[Result "0-1"]
[WhiteElo "1889"]
[BlackElo "2329"]
[PlyCount "142"]
[EventDate "2019.01.19"]
[EventType "swiss (blitz)"]
[EventRounds "10"]
[EventCountry "BLR"]

1. e4 e5 2. Nc3 Nf6 3. Bc4 Nxe4 4. Qh5 Nd6 5. Qxe5+ Qe7 6. Qxe7+ Bxe7 7. Bb3
Nf5 8. Nf3 c6 9. O-O O-O 10. d4 d5 11. Bf4 Bf6 12. Ne2 h6 13. c3 g5 14. Be5
Bxe5 15. Nxe5 f6 16. Nd3 Nd6 17. Ng3 Na6 18. a4 Be6 19. Rfe1 Rae8 20. a5 Bf7
21. Bc2 Bg6 22. Nb4 Bxc2 23. Nxc2 Kg7 24. h4 Kg6 25. h5+ Kh7 26. b3 f5 27. f3
f4 28. Nh1 Nc7 29. Nf2 Ncb5 30. a6 b6 31. Nb4 Nxc3 32. Nxc6 Ndb5 33. Nd3 Ne2+
34. Kf2 Nexd4 35. Nxd4 Nxd4 36. Rac1 Rxe1 37. Nxe1 Rf7 38. Rc3 Nb5 39. Rc6 Nc7
40. Rd6 Nxa6 41. Rxd5 Nc5 42. b4 Ne6 43. Rd6 Nc7 44. Nd3 Re7 45. Rc6 Nd5 46.
Rd6 Ne3 47. Rd8 Nf5 48. Rd5 Ne3 49. Rd6 Kg7 50. Rd8 Nf5 51. Rd5 Ng3 52. Ne5
Nxh5 53. Nc6 Rc7 54. b5 Nf6 55. Rd6 Kf7 56. Rd1 a6 57. Nd4 axb5 58. Nxb5 Rd7
59. Rh1 Kg6 60. Rc1 Rd5 61. Nc7 Rc5 62. Rxc5 bxc5 63. Ke2 Kf5 64. Kd3 h5 65.
Na6 Nd7 66. Kc4 g4 67. Nc7 gxf3 68. gxf3 Ne5+ 69. Kxc5 Nxf3 70. Kc4 h4 71. Kd3
h3 0-1

[Event "Orsha Blitz 2019"]
[Site "Orsha"]
[Date "2019.01.19"]
[Round "7.2"]
[White "Meshkov, Yuri A"]
[Black "Krylov, Ivan"]
[Result "1-0"]
[WhiteElo "2387"]
[BlackElo "2312"]
[PlyCount "167"]
[EventDate "2019.01.19"]
[EventType "swiss (blitz)"]
[EventRounds "10"]
[EventCountry "BLR"]

1. e4 c5 2. Nf3 d6 3. Bb5+ Nd7 4. a4 Ngf6 5. Nc3 g6 6. d3 Bg7 7. Bg5 O-O 8. Qd2
a6 9. Bc4 Ne5 10. Nxe5 dxe5 11. Bh6 Bxh6 12. Qxh6 Kh8 13. a5 Ng8 14. Qe3 Qd6
15. Na4 f5 16. Qxc5 Qf6 17. Nb6 Rb8 18. Bxg8 Rxg8 19. Nd5 Qd6 20. Qxd6 exd6 21.
f3 Be6 22. Nb6 g5 23. exf5 Bxf5 24. O-O Bg6 25. Rad1 Rge8 26. Rfe1 h5 27. Kf2
Rbd8 28. c4 Kg7 29. b4 Rf8 30. Ke3 Rf4 31. Nd5 Rf7 32. d4 Re8 33. dxe5 dxe5 34.
g3 Ref8 35. Rf1 g4 36. f4 exf4+ 37. Rxf4 Re8+ 38. Kf2 Rd7 39. Rfd4 Red8 40.
R1d2 Bf7 41. Ke3 Re8+ 42. Kd3 Bg6+ 43. Kc3 Re1 44. Nf4 Rc1+ 45. Kb2 Rb1+ 46.
Ka2 Rxd4 47. Rxd4 Rxb4 48. Ka3 Rb1 49. Rd7+ Bf7 50. Nxh5+ Kf8 51. Nf4 Bxc4 52.
Rd4 Bb5 53. Ne6+ Ke7 54. Nc5 Bc6 55. Rxg4 Ra1+ 56. Kb4 Rb1+ 57. Kc3 Ra1 58. Nb3
Bd5 59. Rg5 Bxb3 60. Kxb3 Kf6 61. h4 Rg1 62. Kc4 Rb1 63. Kd5 Rb5+ 64. Kd6 Rb4
65. Kc7 Rb3 66. Rg8 Rb5 67. Rg5 Rb3 68. g4 Rh3 69. Rf5+ Ke6 70. h5 Rb3 71. Rg5
Kf7 72. h6 Rb5 73. Rg7+ Kf8 74. g5 Rxa5 75. Kxb7 Ra1 76. Rg6 Kf7 77. h7 Kxg6
78. h8=Q Rg1 79. Qf6+ Kh7 80. Qh6+ Kg8 81. g6 Rb1+ 82. Ka7 Rf1 83. Qh7+ Kf8 84.
g7+ 1-0

[Event "Orsha Blitz 2019"]
[Site "Orsha"]
[Date "2019.01.19"]
[Round "7.3"]
[White "Zabotin, Alexander"]
[Black "Siniauski, Artsiom"]
[Result "1-0"]
[WhiteElo "2439"]
[BlackElo "1932"]
[PlyCount "99"]
[EventDate "2019.01.19"]
[EventType "swiss (blitz)"]
[EventRounds "10"]
[EventCountry "BLR"]

1. Nf3 Nf6 2. c4 e6 3. d4 b6 4. a3 Bb7 5. Nc3 Be7 6. d5 exd5 7. cxd5 d6 8. g3
O-O 9. Bg2 Re8 10. O-O Bf8 11. Nd4 Nbd7 12. b4 a5 13. Rb1 axb4 14. axb4 g6 15.
h3 Bg7 16. Re1 Qe7 17. Qb3 Ne4 18. Nxe4 Bxd4 19. Qc4 Bg7 20. Bg5 f6 21. Qxc7
Ne5 22. Qxe7 Rxe7 23. Nxf6+ Bxf6 24. Bxf6 Ree8 25. Rbc1 Nd7 26. Bd4 Rac8 27. e3
Kf7 28. h4 Ke7 29. e4 Rxc1 30. Rxc1 Rc8 31. Rxc8 Bxc8 32. f3 b5 33. Kf2 Nb8 34.
Ke3 Na6 35. Bc3 Nc7 36. f4 Bb7 37. Kd4 Ne8 38. e5 Ng7 39. g4 h5 40. f5 gxf5 41.
gxh5 Nxh5 42. Bd2 f4 43. Bf3 Ng3 44. Bxf4 Nf5+ 45. Ke4 Ng7 46. Bg5+ Kf7 47. Bg4
dxe5 48. Kxe5 Ne8 49. d6 Ng7 50. d7 1-0

[Event "Orsha Blitz 2019"]
[Site "Orsha"]
[Date "2019.01.19"]
[Round "7.4"]
[White "Yashmetov, Mikhail"]
[Black "Borsuk, Yuriy"]
[Result "0-1"]
[WhiteElo "2375"]
[BlackElo "2385"]
[PlyCount "42"]
[EventDate "2019.01.19"]
[EventType "swiss (blitz)"]
[EventRounds "10"]
[EventCountry "BLR"]

1. Nf3 d5 2. g3 Nf6 3. Bg2 g6 4. O-O Bg7 5. d4 O-O 6. c4 e6 7. Ne5 Nbd7 8. Nc3
c6 9. b3 Nxe5 10. dxe5 Nd7 11. cxd5 Bxe5 12. dxc6 Bxc3 13. cxb7 Bxb7 14. Bxb7
Rb8 15. Bh6 Rxb7 16. Bxf8 Bxa1 17. Qxa1 Nxf8 18. Qe5 Qd5 19. Qf4 Rd7 20. h4 Qd2
21. Qa4 Qxe2 0-1

[Event "Orsha Blitz 2019"]
[Site "Orsha"]
[Date "2019.01.19"]
[Round "7.5"]
[White "Vashchilov, Sergey"]
[Black "Moskalenko, Alexander"]
[Result "0-1"]
[WhiteElo "2098"]
[BlackElo "2510"]
[PlyCount "66"]
[EventDate "2019.01.19"]
[EventType "swiss (blitz)"]
[EventRounds "10"]
[EventCountry "BLR"]

1. e4 c5 2. Nf3 Nc6 3. Bb5 g6 4. Bxc6 dxc6 5. O-O Bg7 6. Nc3 Nf6 7. d3 Nd7 8.
h3 e5 9. Nh2 Nf8 10. f4 exf4 11. Bxf4 h6 12. Be3 b6 13. Qd2 g5 14. a3 Ng6 15.
b4 cxb4 16. axb4 O-O 17. d4 f5 18. exf5 Bxf5 19. Rad1 Ne7 20. Nf3 Nd5 21. Nxd5
cxd5 22. Ne5 Rc8 23. c3 Qc7 24. Rc1 Be4 25. Rxf8+ Rxf8 26. Ng4 a5 27. bxa5 bxa5
28. Rf1 Rxf1+ 29. Kxf1 a4 30. Bf2 Qc4+ 31. Kg1 a3 32. Ne3 Qb3 33. c4 a2 0-1

[Event "Orsha Blitz 2019"]
[Site "Orsha"]
[Date "2019.01.19"]
[Round "7.6"]
[White "Grishchenko, Sergey"]
[Black "Gabdrakipov, Ilshat"]
[Result "1-0"]
[WhiteElo "2467"]
[BlackElo "2098"]
[PlyCount "67"]
[EventDate "2019.01.19"]
[EventType "swiss (blitz)"]
[EventRounds "10"]
[EventCountry "BLR"]

1. d4 d5 2. c4 e6 3. Nc3 c6 4. e4 dxe4 5. Nxe4 Bb4+ 6. Nc3 Nf6 7. Nge2 O-O 8.
a3 Be7 9. g3 Nbd7 10. Bg2 Nb6 11. b3 c5 12. Be3 cxd4 13. Qxd4 Nfd7 14. Rd1 Bxa3
15. O-O Bc5 16. Qe4 Bxe3 17. Qxe3 Qe7 18. Ne4 h6 19. Nd6 Rb8 20. f4 Nf6 21. c5
Nbd7 22. b4 Rd8 23. Nd4 a5 24. Nxc8 Rdxc8 25. c6 bxc6 26. Nxc6 Rxc6 27. Bxc6
axb4 28. Rb1 Qc5 29. Qxc5 Nxc5 30. Rfc1 Nfe4 31. Rc4 Nc3 32. Rbxb4 Rxb4 33.
Rxb4 Nd5 34. Bxd5 1-0

[Event "Orsha Blitz 2019"]
[Site "Orsha"]
[Date "2019.01.19"]
[Round "7.7"]
[White "Tsaruk, Maksim"]
[Black "Zeliantsova, Kseniya"]
[Result "1-0"]
[WhiteElo "2329"]
[BlackElo "1870"]
[PlyCount "139"]
[EventDate "2019.01.19"]
[EventType "swiss (blitz)"]
[EventRounds "10"]
[EventCountry "BLR"]

1. e4 c5 2. Nf3 e6 3. d4 cxd4 4. Nxd4 Nf6 5. Bd3 Nc6 6. Nxc6 bxc6 7. c4 d5 8.
cxd5 cxd5 9. exd5 Nxd5 10. O-O Bd6 11. Nd2 O-O 12. Ne4 Be5 13. Qh5 f5 14. Ng5
Nf6 15. Qe2 Ng4 16. h3 Bf6 17. Nxe6 Qd6 18. hxg4 Bxe6 19. gxf5 Bd5 20. Bc4 Bxc4
21. Qxc4+ Kh8 22. Bf4 Qd7 23. Qe6 Qb5 24. Rad1 Qxb2 25. Qb3 Qe2 26. Qd5 Rad8
27. Qb3 Qe4 28. Bg3 Qxf5 29. Rxd8 Rxd8 30. Qa4 Bd4 31. Rd1 Qf6 32. Kf1 Bb6 33.
Rxd8+ Qxd8 34. Qc2 h6 35. Ke2 Qe7+ 36. Kf1 Qd7 37. Qe2 Qd5 38. Be5 Qc5 39. g3
Qc1+ 40. Kg2 Qc6+ 41. Kh2 Qc5 42. Kg2 Qc6+ 43. Kh2 Qc5 44. Kg1 Qc1+ 45. Kg2
Qc6+ 46. f3 Qc5 47. Bb2 Qg1+ 48. Kh3 Qc5 49. Qe8+ Kh7 50. Qe4+ Kh8 51. Qg6 Qc8+
52. g4 Qb7 53. Qxh6+ Kg8 54. Qe6+ Kh8 55. Qe8+ Kh7 56. Qh5+ Kg8 57. Qe8+ Kh7
58. Qe4+ Qxe4 59. fxe4 Kg6 60. Kg3 Kf7 61. Kf4 g6 62. Ke5 Bd8 63. Kd6 Bb6 64.
a4 Be3 65. a5 Bf2 66. a6 Bb6 67. Bc3 Kf8 68. Kc6 Ke7 69. Be5 Ke6 70. Bb8 1-0

[Event "Orsha Blitz 2019"]
[Site "Orsha"]
[Date "2019.01.19"]
[Round "7.8"]
[White "Kuleshov, Konstantin"]
[Black "Gogolev, Artem"]
[Result "0-1"]
[WhiteElo "2052"]
[BlackElo "2301"]
[PlyCount "86"]
[EventDate "2019.01.19"]
[EventType "swiss (blitz)"]
[EventRounds "10"]
[EventCountry "BLR"]

1. d4 Nf6 2. c4 e6 3. Nc3 Bb4 4. Qc2 d5 5. e3 c5 6. a3 Bxc3+ 7. bxc3 O-O 8. Nf3
Qc7 9. cxd5 exd5 10. Bd3 Nc6 11. O-O Re8 12. Bb2 c4 13. Bf5 b5 14. Bxc8 Raxc8
15. a4 b4 16. cxb4 Nxb4 17. Qc3 Nd3 18. Ba3 Ne4 19. Qc2 Rb8 20. Nd2 Nxd2 21.
Qxd2 Rb3 22. h3 h6 23. Ra2 Reb8 24. Rd1 Rb1 25. Ra1 Rxd1+ 26. Rxd1 Rb3 27. Ra1
Qb6 28. Bc5 Nxc5 29. dxc5 Qxc5 30. a5 c3 31. Qd3 Qc4 32. Qxc4 dxc4 33. Rc1 Kf8
34. Kf1 Ke7 35. Ke2 Kd6 36. Kd1 Kc5 37. Kc2 Kb4 38. Rd1 Rb2+ 39. Kc1 Rxf2 40.
g4 Kb3 41. e4 c2 42. Re1 c3 43. e5 Rf4 0-1

[Event "Orsha Blitz 2019"]
[Site "Orsha"]
[Date "2019.01.19"]
[Round "7.9"]
[White "Aliakbarov, Anar"]
[Black "Badelka, Olga"]
[Result "1-0"]
[WhiteElo "2268"]
[BlackElo "2219"]
[PlyCount "93"]
[EventDate "2019.01.19"]
[EventType "swiss (blitz)"]
[EventRounds "10"]
[EventCountry "BLR"]

1. d4 d5 2. c4 dxc4 3. Nf3 Nf6 4. e3 b5 5. b3 e6 6. bxc4 bxc4 7. Bxc4 Bb4+ 8.
Nbd2 O-O 9. O-O c5 10. dxc5 Bxc5 11. Bb2 Nc6 12. Rc1 Be7 13. Qe2 Bb7 14. Rfd1
Qb6 15. Bb3 Na5 16. Bd4 Qa6 17. Qxa6 Bxa6 18. Ne5 Rfc8 19. f4 Nxb3 20. Nxb3 Nd5
21. Nc6 Bf8 22. Nxa7 Rxc1 23. Rxc1 f6 24. Nc6 Bb5 25. Na7 Ba4 26. Rc8 Rxc8 27.
Nxc8 Nb4 28. Nb6 Be8 29. a4 Nc2 30. a5 Bb5 31. Kf2 Kf7 32. Bc5 Bxc5 33. Nxc5
Nb4 34. Nc8 Kf8 35. Nxe6+ Kf7 36. Nc7 Bd3 37. Ke1 Na6 38. Nxa6 Bxa6 39. Nb6 Ke6
40. e4 Kd6 41. Kf2 Kc5 42. e5 fxe5 43. fxe5 Kb5 44. e6 Kxa5 45. e7 Bb5 46. Nc4+
Ka6 47. Nd6 1-0

[Event "Orsha Blitz 2019"]
[Site "Orsha"]
[Date "2019.01.19"]
[Round "7.10"]
[White "Spizharny, Mikhail"]
[Black "Novitzkij, Dmitrij"]
[Result "1-0"]
[WhiteElo "2020"]
[BlackElo "2256"]
[PlyCount "51"]
[EventDate "2019.01.19"]
[EventType "swiss (blitz)"]
[EventRounds "10"]
[EventCountry "BLR"]

1. e4 c6 2. d4 d5 3. e5 Bf5 4. h4 h5 5. c4 e6 6. Nc3 Nd7 7. Nge2 dxc4 8. Ng3
Nb6 9. Nxf5 exf5 10. Be2 g6 11. Bg5 Be7 12. Qd2 Bxg5 13. hxg5 Ne7 14. a4 a5 15.
g4 fxg4 16. Bxg4 Ned5 17. Ne4 Kf8 18. O-O-O Nxa4 19. f4 Kg7 20. f5 gxf5 21.
Bxf5 Qb6 22. g6 fxg6 23. Rdg1 Ne7 24. Nd6 Qb3 25. Rh2 Rh6 26. Qg5 1-0

[Event "Orsha Blitz 2019"]
[Site "Orsha"]
[Date "2019.01.19"]
[Round "8.2"]
[White "Borsuk, Yuriy"]
[Black "Meshkov, Yuri A"]
[Result "1/2-1/2"]
[WhiteElo "2385"]
[BlackElo "2387"]
[PlyCount "56"]
[EventDate "2019.01.19"]
[EventType "swiss (blitz)"]
[EventRounds "10"]
[EventCountry "BLR"]

1. e4 c5 2. Nc3 Nc6 3. Bb5 g6 4. Bxc6 dxc6 5. d3 Bg7 6. Nge2 Nf6 7. Be3 Nd7 8.
O-O O-O 9. Qd2 Re8 10. a4 b6 11. a5 b5 12. f4 f5 13. Ng3 e6 14. Kh1 a6 15. Qf2
Bf8 16. Rfd1 Qc7 17. e5 Be7 18. Nce2 Bb7 19. c4 Rad8 20. Ng1 Rf8 21. Nf3 Rf7
22. Rdc1 b4 23. Nd2 Rdf8 24. Nb3 g5 25. Re1 gxf4 26. Bxf4 Rg7 27. d4 cxd4 28.
Nxd4 Rg6 1/2-1/2

[Event "Orsha Blitz 2019"]
[Site "Orsha"]
[Date "2019.01.19"]
[Round "8.3"]
[White "Moskalenko, Alexander"]
[Black "Aliakbarov, Anar"]
[Result "1-0"]
[WhiteElo "2510"]
[BlackElo "2268"]
[PlyCount "155"]
[EventDate "2019.01.19"]
[EventType "swiss (blitz)"]
[EventRounds "10"]
[EventCountry "BLR"]

1. Nf3 d5 2. e3 Nf6 3. c4 e6 4. b3 Be7 5. Bb2 O-O 6. Nc3 c5 7. cxd5 Nxd5 8. Be2
Nc6 9. O-O e5 10. Ne4 f5 11. Ng3 e4 12. Ne5 Nxe5 13. Bxe5 Bf6 14. Bxf6 Qxf6 15.
Rc1 b6 16. f3 exf3 17. Bxf3 Qe5 18. d4 Qxe3+ 19. Kh1 Bb7 20. dxc5 Rad8 21. c6
Nf6 22. Nxf5 Qe5 23. Qc2 Ba6 24. Rfe1 Qf4 25. c7 Rde8 26. Ne7+ Kh8 27. c8=Q
Bxc8 28. Nxc8 Rd8 29. Ne7 Rd7 30. Qc4 Qh6 31. Nf5 Qg5 32. Ng3 h6 33. Ne4 Nxe4
34. Qxe4 Rdf7 35. Qe3 Qa5 36. a4 Qb4 37. Rf1 Re7 38. Qc3 Qd6 39. Rcd1 Qg6 40.
Qb4 Rfe8 41. h3 a5 42. Qb5 Re5 43. Qd3 Qe6 44. Qc4 Qg6 45. Qc6 R5e6 46. Qb7
R6e7 47. Rd7 Re1 48. Rd1 R1e7 49. Qd5 Re5 50. Qd3 Qe6 51. Qc2 Qe7 52. Qc3 Qg5
53. Rde1 Qg3 54. Rxe5 Rxe5 55. Qc8+ Kh7 56. Qc2+ Kh8 57. Qf2 Qf4 58. Qxb6 Rf5
59. Qd8+ Kh7 60. Qd3 g6 61. Re1 Rf7 62. Qe3 Qb4 63. Rd1 Re7 64. Qf2 Qxb3 65.
Qd4 Qf7 66. Qd6 Rc7 67. Kh2 Re7 68. Rd4 Rc7 69. Rf4 Qg7 70. Rf6 Rd7 71. Qc6 Rc7
72. Qb6 Re7 73. Re6 Rf7 74. Be4 Kh8 75. Qd6 Rd7 76. Qe5 Qxe5+ 77. Rxe5 Rd4 78.
Bc6 1-0

[Event "Orsha Blitz 2019"]
[Site "Orsha"]
[Date "2019.01.19"]
[Round "8.4"]
[White "Gogolev, Artem"]
[Black "Grishchenko, Sergey"]
[Result "0-1"]
[WhiteElo "2301"]
[BlackElo "2467"]
[PlyCount "55"]
[EventDate "2019.01.19"]
[EventType "swiss (blitz)"]
[EventRounds "10"]
[EventCountry "BLR"]

1. c4 e6 2. Nf3 d5 3. g3 c5 4. cxd5 exd5 5. d4 Nc6 6. Bg2 Nf6 7. O-O Be7 8. Nc3
O-O 9. Bg5 cxd4 10. Nxd4 Bg4 11. Rc1 Rc8 12. h3 Bd7 13. Be3 Ne5 14. b3 Qa5 15.
Bd2 Bb4 16. Nb1 Ne4 17. Bxb4 Qxb4 18. Rxc8 Rxc8 19. Nf3 Nxf3+ 20. exf3 Nf6 21.
Re1 h6 22. f4 Bf5 23. Nd2 Bc2 24. Qe2 Re8 25. Qxe8+ Nxe8 26. Rxe8+ Kh7 27. Ne4
Bxe4 28. Rd8 0-1

[Event "Orsha Blitz 2019"]
[Site "Orsha"]
[Date "2019.01.19"]
[Round "8.5"]
[White "Lazavik, Denis"]
[Black "Tsaruk, Maksim"]
[Result "0-1"]
[WhiteElo "1978"]
[BlackElo "2329"]
[PlyCount "88"]
[EventDate "2019.01.19"]
[EventType "swiss (blitz)"]
[EventRounds "10"]
[EventCountry "BLR"]

1. d4 Nf6 2. c4 e6 3. Nf3 b6 4. a3 Ba6 5. Qc2 c5 6. e4 cxd4 7. Nxd4 Qc7 8. Nc3
Be7 9. Ndb5 Qc6 10. Bd3 d6 11. O-O Bb7 12. Nd4 Qd7 13. Be3 O-O 14. h3 Nc6 15.
Rad1 Rac8 16. Nxc6 Qxc6 17. Qe2 Nd7 18. b3 Bf6 19. Qc2 a6 20. f3 b5 21. Ne2
bxc4 22. bxc4 Ne5 23. Nd4 Qc7 24. Rc1 Bc6 25. Nb3 Ba4 26. Bd4 Bxb3 27. Qxb3
Nxf3+ 28. Rxf3 Bxd4+ 29. Kh1 Rb8 30. Qa4 Rb6 31. Rcf1 Bf6 32. Rg3 Be5 33. Rgf3
Rfb8 34. Qd1 f6 35. Qa4 Qc6 36. Qd1 Qc5 37. Qa4 Qc6 38. Qd1 Rb3 39. c5 Qxc5 40.
Bxa6 Rxa3 41. Rxa3 Qxa3 42. Bc4 Qg3 43. Bxe6+ Kh8 44. Kg1 Rb2 0-1

[Event "Orsha Blitz 2019"]
[Site "Orsha"]
[Date "2019.01.19"]
[Round "8.6"]
[White "Krylov, Ivan"]
[Black "Strybuk, Artsiom I"]
[Result "1-0"]
[WhiteElo "2312"]
[BlackElo "1994"]
[PlyCount "47"]
[EventDate "2019.01.19"]
[EventType "swiss (blitz)"]
[EventRounds "10"]
[EventCountry "BLR"]

1. d4 Nf6 2. c4 c5 3. d5 b5 4. Nf3 bxc4 5. Nc3 d6 6. e4 Nbd7 7. Bxc4 g6 8. O-O
Bg7 9. h3 O-O 10. Re1 Qb6 11. e5 dxe5 12. Nxe5 Nxe5 13. Rxe5 Qd6 14. Re1 Bb7
15. Qf3 Rad8 16. Bf4 Qd7 17. Rad1 a6 18. Qe3 Rfe8 19. b3 Rc8 20. Na4 Nxd5 21.
Bxd5 Bxd5 22. Nb6 Qf5 23. Rxd5 e5 24. Nxc8 1-0

[Event "Orsha Blitz 2019"]
[Site "Orsha"]
[Date "2019.01.19"]
[Round "8.7"]
[White "Vorobjov, Pavel"]
[Black "Spizharny, Mikhail"]
[Result "1-0"]
[WhiteElo "2369"]
[BlackElo "2020"]
[PlyCount "67"]
[EventDate "2019.01.19"]
[EventType "swiss (blitz)"]
[EventRounds "10"]
[EventCountry "BLR"]

1. d4 Nf6 2. c4 c6 3. Nc3 d5 4. Nf3 dxc4 5. Ne5 Bf5 6. f3 e6 7. e4 Bg6 8. Bxc4
Nbd7 9. Nxg6 hxg6 10. Be3 Be7 11. Qd2 Nb6 12. Bb3 Rc8 13. Qf2 Qc7 14. h3 a6 15.
O-O-O O-O 16. Kb1 Rfd8 17. g4 Nfd7 18. h4 c5 19. d5 c4 20. Bc2 Bc5 21. h5 Ne5
22. dxe6 Rxd1+ 23. Rxd1 fxe6 24. hxg6 Nxg6 25. Bxc5 Qxc5 26. Rd8+ Kf7 27. Qd2
Rxd8 28. Qxd8 Qe7 29. Qxb6 Nf4 30. a3 g5 31. Qa5 Qd7 32. Qxg5 Qd2 33. Ne2 Qxe2
34. Qxf4+ 1-0

[Event "Orsha Blitz 2019"]
[Site "Orsha"]
[Date "2019.01.19"]
[Round "8.8"]
[White "Rusov, Valery"]
[Black "Teterev, Vitaly"]
[Result "0-1"]
[WhiteElo "2097"]
[BlackElo "2407"]
[PlyCount "53"]
[EventDate "2019.01.19"]
[EventType "swiss (blitz)"]
[EventRounds "10"]
[EventCountry "BLR"]

1. e4 c5 2. Nf3 e6 3. d4 cxd4 4. Nxd4 a6 5. Be2 Nf6 6. Nc3 Qc7 7. O-O d6 8. Be3
b5 9. a3 Bb7 10. f3 Be7 11. Qd2 O-O 12. Rac1 Nbd7 13. Bd3 Rfd8 14. Nce2 Ne5 15.
c3 Rac8 16. Ng3 Nxd3 17. Qxd3 d5 18. exd5 Nxd5 19. Bf2 Nf4 20. Qe3 g6 21. Ne4
e5 22. Nb3 Bd5 23. Nbd2 Be6 24. Rb1 f5 25. Ng3 Rd3 26. Qe1 Rcd8 27. Nb3 0-1